000
00459nam a2200181Ia 4500
008
090122s9999 xx 000 0 und d
082
_b
67
_a
O155:9
100
_a
मालशे
_b
स
_c
ग
245
_a
आवड निवड
260
_b
सुवर्ण
_c
1977
300
_a
176
501
_a
--
600
_a
मालशे
630
_a
आवड निवड
700
_a
मालशे
730
_a
आवड निवड
942
_c
BOOK
999
_c
24145
_d
24145